Mercaderes y mercenarios (Record no. 143389)

MARC details
000 -LEADER
campo de control de longitud fija 00602nam a2200169 4500
001 - NÚMERO DE CONTROL
campo de control 143389
003 - IDENTIFICADOR DE NÚMERO DE CONTROL
campo de control ES-MaACL
005 - FECHA Y HORA DE LA ÚLTIMA TRANSACCIÓN
campo de control 20230906200810.0
007 - CAMPO FIJO DE DESCRIPCIÓN FÍSICA--INFORMACIÓN GENERAL
campo de control de longitud fija t|
008 - DATOS DE LONGITUD FIJA--INFORMACIÓN GENERAL
campo de control de longitud fija 070214s1911 sp r ||||1| spa d
100 1# - ENTRADA PRINCIPAL--NOMBRE DE PERSONA
Nombre de persona Serrano Marteño, Emilio.
9 (RLIN) 105776
245 10 - MENCIÓN DEL TÍTULO
Título Mercaderes y mercenarios
Resto del título : retratos de hogaño, o Verdaderos términos de la cuestión religiosa en España /
Mención de responsabilidad, etc. Emilio Serrano Marteño.
260 ## - PUBLICACIÓN, DISTRIBUCIÓN, ETC.
Lugar de publicación, distribución, etc. Madrid :
Nombre del editor, distribuidor, etc. Ricardo F. de Rojas,
Fecha de publicación, distribución, etc. 1911.
300 ## - DESCRIPCIÓN FÍSICA
Extensión 335 p. ;
Dimensiones 16 x 12 cm.
740 0# - ENTRADA AGREGADA--TÍTULO RELACIONADO/ANALÍTICO NO CONTROLADO
Título relacionado o analítico no controlado Verdaderos términos de la cuestión religiosa en España.
852 ## - LOCALIZACIÓN
Ubicación ES-MaACL
Número de control de estantería G-3960
Holdings
Estatus retirado Estado de pérdida Estado de daño No para préstamo Biblioteca de origen Biblioteca actual Ubicación en estantería Fecha de adquisición Fuente de adquisición Total de préstamos Signatura topográfica completa Código de barras Visto por última vez Precio de reemplazo Tipo de ítem Koha
        Biblioteca del Ateneo de Madrid Biblioteca del Ateneo de Madrid Depósito 2 17/01/2008     G-3960 1149184 23/02/2023 23/02/2023 Libro impreso